Statistics for The Game Charting Songs (Billboard Hot 100)

Click here to take the quiz!

General Stats

  • This quiz has been taken 4 times
  • The average score is 9 of 16

Answer Stats

AlbumWeeks OnPeakArtist(s)Song% Correct
Doctor's Advocate9 Weeks#64The Game ft. Kanye WestWouldn't Get Far
100%
The Documentary23 Weeks#2The Game ft. 50 CentHate It or Love It
100%
The Documentary28 Weeks#4The Game ft. 50 CentHow We Do
67%
LAX20 Weeks#21The Game ft. Lil WayneMy Life
67%
Doctor's Advocate5 Weeks#46The GameLet's Ride
67%
LAX7 Weeks#75The Game ft. Keyshia ColeGame's Pain
67%
19925 Weeks#79The Game ft. JeremihAll Eyez
67%
Jesus Piece12 Weeks#81Game ft. Chris Brown, Tyga, Wiz Khalifa & Lil WayneCelebration
67%
The Documentary 210 Weeks#82The Game ft. Drake100
67%
The Documentary4 Weeks#93The Game ft. 50 CentWestside Story
67%
The R.E.D. Album1 Week#100Game ft. Lil Wayne & Tyler, The CreatorMartians vs. Goblins
67%
The Documentary13 Weeks#32The GameDreams
33%
The R.E.D. Album1 Week#62Game ft. Lil WayneRed Nation
33%
Doctor's Advocate15 Weeks#71The Game ft. Junior ReidIt's Okay (One Blood)
33%
TP.3 Reloaded7 Weeks#65R. Kelly ft. The GamePlaya's Only
0%
The Breakthrough8 Weeks#75Mary J. Blige ft. The Game & 50 CentMJB da MVP
0%

Score Distribution

Percentile by Number Answered

Percent of People with Each Score

Your Score History

You have not taken this quiz